Welcome to Marium Abdulla Library

Embrace knowledge with a breath of fresh air.

Browse Collection

Marium Abdulla Library

The Jain stupa and other antiquities of Mathura (Record no. 3610)

MARC details
000 -LEADER
fixed length control field 00397nam a2200169Ia 4500
001 - CONTROL NUMBER
control field 5383
005 - DATE AND TIME OF LATEST TRANSACTION
control field 20250626025210.0
008 - FIXED-LENGTH DATA ELEMENTS--GENERAL INFORMATION
fixed length control field 211022s9999 xx 000 0 und d
082 ## - DEWEY DECIMAL CLASSIFICATION NUMBER
Classification number 934 SMI
100 ## - MAIN ENTRY--PERSONAL NAME
Personal name Smith, Vincent Arthur
245 #4 - TITLE STATEMENT
Title The Jain stupa and other antiquities of Mathura
260 ## - PUBLICATION, DISTRIBUTION, ETC.
Place of publication, distribution, etc. Allahabad
260 ## - PUBLICATION, DISTRIBUTION, ETC.
Name of publisher, distributor, etc. Government Press
260 ## - PUBLICATION, DISTRIBUTION, ETC.
Date of publication, distribution, etc. 1901
300 ## - PHYSICAL DESCRIPTION
Extent v.p
942 ## - ADDED ENTRY ELEMENTS (KOHA)
Koha item type Book
Holdings
Date last seen Total checkouts Full call number Barcode Price effective from Koha item type Lost status Damaged status Not for loan Collection Withdrawn status Home library Current library Shelving location Date acquired Cost, normal purchase price
10/26/2021   934 SMI 5383 10/26/2021 Book       Liberal Arts   Marium Abdulla Library Marium Abdulla Library Non-Ref 12/11/2007 2000.00